Prācīna Oḍiā sāhitya. (Record no. 62307)

MARC details
000 -LEADER
fixed length control field 00567cam a22002291 4500
001 - CONTROL NUMBER
control field sa 65001922
003 - CONTROL NUMBER IDENTIFIER
control field DLC
005 - DATE AND TIME OF LATEST TRANSACTION
control field 20260227112112.0
008 - FIXED-LENGTH DATA ELEMENTS--GENERAL INFORMATION
fixed length control field 940926m19629999ii 000 0 orio
010 ## - LIBRARY OF CONGRESS CONTROL NUMBER
LC control number sa 65001922
025 ## - OVERSEAS ACQUISITION NUMBER
Overseas acquisition number PL480:I-O-309
035 ## - SYSTEM CONTROL NUMBER
System control number (OCoLC)31181280
040 ## - CATALOGING SOURCE
Original cataloging agency DLC
Transcribing agency CU
Modifying agency CU
-- DLC
042 ## - AUTHENTICATION CODE
Authentication code premarc
050 00 - LIBRARY OF CONGRESS CALL NUMBER
Classification number PK2571
Item number .M28
100 1# - MAIN ENTRY--PERSONAL NAME
Personal name Mahanti, Debendra.
245 10 - TITLE STATEMENT
Title Prācīna Oḍiā sāhitya.
260 ## - PUBLICATION, DISTRIBUTION, ETC.
Date of publication, distribution, etc. [1962-
300 ## - PHYSICAL DESCRIPTION
Extent v.
Dimensions 18 cm.
500 ## - GENERAL NOTE
General note In Oriya.
650 #0 - SUBJECT ADDED ENTRY--TOPICAL TERM
Topical term or geographic name entry element Oriya literature
General subdivision History and criticism.

No items available.

Powered by Koha